Náhrada škody

Potreba predchádzania škôd na majetku a zdraví všetkých účastníkov pracovnoprávneho vzťahu. V rámci všeobecnej prevencie majú povinnosti zamestnanci aj zamestnávatelia. Problematika zodpovednosti za škodu a otázky jej náhrady.

Salvato in:
Dettagli Bibliografici
Autore principale: Jendrálová, Anna
Natura: Capitolo di libro
Lingua:slovacco
Soggetti:
Tags: Aggiungi Tag
Nessun Tag, puoi essere il primo ad aggiungerne!!

MARC

LEADER 00000naa a2200000 4500
001 r033784
005 20230922130946.3
041 0 |a slo 
044 |a SK 
245 1 0 |a Náhrada škody  |c Anna Jendrálová 
520 |a Potreba predchádzania škôd na majetku a zdraví všetkých účastníkov pracovnoprávneho vzťahu. V rámci všeobecnej prevencie majú povinnosti zamestnanci aj zamestnávatelia. Problematika zodpovednosti za škodu a otázky jej náhrady. 
610 2 0 |a náhrada škody 
610 2 0 |a prevencia 
610 2 0 |a zamestnanci 
610 2 0 |a zamestnávatelia 
610 2 0 |a škody 
610 2 0 |a zodpovednosť za škody 
100 1 |a Jendrálová, Anna